I corpi dell'estate /

Guardat en:
Dades bibliogràfiques
Autor principal: Castagnet, Martín Felipe (Autor)
Altres autors: Signorello, Francesca (Traductor)
Format: Llibre
Idioma:italià
Publicat: Modena : Zona 42, 2022
Col·lecció:I libri dell'iguana
Etiquetes: Afegir etiqueta
Sense etiquetes, Sigues el primer a etiquetar aquest registre!

MARC

LEADER 00000nam a22000007i 4500
001 IT\ICCU\PUV\1562435
003 ItRI
005 20260115232214.0
008 221026s2022 it |||||| ||||| |||||c
020 |a 9791280868084 
040 |b ita  |c importazione bologna sebina 
041 7 |a ita  |2 ISO-639-2 
100 1 |a Castagnet, Martín Felipe  |0 IT\ICCU\PUVV\468140  |4 aut 
240 1 4 |a Los cuerpos del verano  |3 IT\ICCU\PUV\1205185  |9 Castagnet, Martín Felipe 
245 1 2 |a I corpi dell'estate /  |c Martín Felipe Castagnet ; traduzione Francesca Signorello. 
260 |a Modena :  |b Zona 42,  |c 2022 
300 |a 136 p. ;  |c 19 cm 
500 |a Sul frontespizio: postfazione dell'autore all'edizione italiana 
700 1 |a Signorello, Francesca  |0 IT\ICCU\LO1V\484586  |4 trl 
830 2 |a I libri dell'iguana  |0 IT\ICCU\MOD\1651994 
942 |2 ddc  |c BK  |n 0 
952 |0 0  |1 0  |4 0  |6 DOC_863_700000000000000_CAS  |7 0  |9 21951  |a BO  |b BO  |d 2026-01-15  |i 20911  |l 0  |o DOC 863.7 CAS  |p BO20911  |r 2026-01-15 23:22:14  |w 2026-01-15  |x [Sebina 5] [1 v.]  |y BK  |z 1 v. 
999 |c 18769  |d 18769